<?xml version="1.0" encoding="UTF-8"?><?xml-stylesheet type="text/xsl" href="static/style.xsl"?><OAI-PMH xmlns="http://www.openarchives.org/OAI/2.0/" xmlns:xsi="http://www.w3.org/2001/XMLSchema-instance" xsi:schemaLocation="http://www.openarchives.org/OAI/2.0/ http://www.openarchives.org/OAI/2.0/OAI-PMH.xsd"><responseDate>2026-04-17T05:49:19Z</responseDate><request verb="GetRecord" identifier="oai:www.recercat.cat:10459.1/59771" metadataPrefix="marc">https://recercat.cat/oai/request</request><GetRecord><record><header><identifier>oai:recercat.cat:10459.1/59771</identifier><datestamp>2024-12-05T22:32:53Z</datestamp><setSpec>com_2072_3622</setSpec><setSpec>col_2072_479130</setSpec></header><metadata><record xmlns="http://www.loc.gov/MARC21/slim" xmlns:dcterms="http://purl.org/dc/terms/" xmlns:xsi="http://www.w3.org/2001/XMLSchema-instance" xmlns:doc="http://www.lyncode.com/xoai" xsi:schemaLocation="http://www.loc.gov/MARC21/slim http://www.loc.gov/standards/marcxml/schema/MARC21slim.xsd">
   <leader>00925njm 22002777a 4500</leader>
   <datafield ind2=" " ind1=" " tag="042">
      <subfield code="a">dc</subfield>
   </datafield>
   <datafield ind2=" " ind1=" " tag="720">
      <subfield code="a">Nadal, Francesc</subfield>
      <subfield code="e">author</subfield>
   </datafield>
   <datafield ind2=" " ind1=" " tag="720">
      <subfield code="a">Martí Henneberg, Jordi</subfield>
      <subfield code="e">author</subfield>
   </datafield>
   <datafield ind2=" " ind1=" " tag="260">
      <subfield code="c">2017-06-02T15:11:45Z</subfield>
   </datafield>
   <datafield ind2=" " ind1=" " tag="260">
      <subfield code="c">2017-06-02T15:11:45Z</subfield>
   </datafield>
   <datafield ind2=" " ind1=" " tag="260">
      <subfield code="c">2012</subfield>
   </datafield>
   <datafield ind2=" " ind1=" " tag="520">
      <subfield code="a">En 1914, cuando Manuel Raventós, propietario de la empresa&#xd;
Codorniu, adquirió la finca de Raïmat, ésta constituía un lugar yermo&#xd;
y despoblado.&#xd;
A fin de convertirla en un fértil viñedo proyectó un&#xd;
ambicioso y elaborado plan de colonización agrícola, uno de cuyos&#xd;
principales elementos era la creación de un poblado. Una tarea que&#xd;
llevó a cabo, a partir de 1916, el arquitecto modernista Joan Rubió&#xd;
i Bellver.</subfield>
   </datafield>
   <datafield ind2=" " ind1=" " tag="520">
      <subfield code="a">Agricultural change and wine-growing landscapes in western Catalonia&#xd;
during the first third of the 20th century: the creation of the Raïmat village.-&#xd;
In 1914, when Manuel Raventos, the Codorniu owner, bought the&#xd;
Raïmat estate, it was a barren and uninhabited area. In order to convert&#xd;
it into a fertile vineyard, he designed and developed an ambitious&#xd;
plan&#xd;
for an agricultural settlement which included the creation of a village.&#xd;
This was a task that, from 1916 onwards, was performed by the art&#xd;
nouveau architect Joan Rubió i Bellver.</subfield>
   </datafield>
   <datafield ind1="8" ind2=" " tag="024">
      <subfield code="a">http://hdl.handle.net/10459.1/59771</subfield>
   </datafield>
   <datafield tag="653" ind2=" " ind1=" ">
      <subfield code="a">Paisaje rural</subfield>
   </datafield>
   <datafield tag="653" ind2=" " ind1=" ">
      <subfield code="a">Viticultura</subfield>
   </datafield>
   <datafield tag="653" ind2=" " ind1=" ">
      <subfield code="a">Colonización agraria</subfield>
   </datafield>
   <datafield tag="653" ind2=" " ind1=" ">
      <subfield code="a">Cataluña</subfield>
   </datafield>
   <datafield ind2="0" ind1="0" tag="245">
      <subfield code="a">Cambio agrario y paisaje vitivinícola en la Cataluña occidental durante el primer tercio del siglo xx: la creación moderna del poblado de Raïmat</subfield>
   </datafield>
</record></metadata></record></GetRecord></OAI-PMH>